[Event "US Junior Championship"]
[Site "Saint Louis USA"]
[Date "2011.06.16"]
[Round "1"]
[White "Young, Gregory"]
[Black "Sturt, Raven M"]
[Result "1-0"]
[WhiteElo "2327"]
[BlackElo "2294"]
[WhiteFideId "2028123"]
[BlackFideId "2007304"]
[EventDate "2011.06.16"]

1. e4 e5 2. Nf3 Nc6 3. Bc4 Bc5 4. Nc3 Nf6 5. d3 d6 6. Bg5 h6 7. Bxf6 Qxf6 8. Nd5
Qd8 9. c3 Ne7 10. Ne3 O-O 11. O-O c6 12. d4 exd4 13. Nxd4 a5 14. a4 Kh8 15. Qd3
Ng6 16. Bb3 Qf6 17. Kh1 Nf4 18. Qd2 Ne6 19. Rad1 Bxd4 20. cxd4 c5 21. Nc2 Ng5
22. f3 Qg6 23. Ne3 Be6 24. Bc2 Nh7 25. e5 Qh5 26. g4 Qh3 27. d5 Bd7 28. Qd3 g6
29. e6 Be8 30. Qc3+ f6 31. Ng2 Qxg2+ 32. Kxg2 1-0

[Event "US Junior Championship"]
[Site "Saint Louis USA"]
[Date "2011.06.16"]
[Round "1"]
[White "Holt, Conrad"]
[Black "Naroditsky, Daniel"]
[Result "1/2-1/2"]
[WhiteTitle "FM"]
[BlackTitle "IM"]
[WhiteElo "2417"]
[BlackElo "2472"]
[WhiteFideId "2034387"]
[BlackFideId "2026961"]
[EventDate "2011.06.16"]

1. d4 Nf6 2. c4 g6 3. Nc3 Bg7 4. e4 d6 5. Nf3 O-O 6. h3 a5 7. Bg5 Na6 8. g4 c6
9. Be2 Nc7 10. Be3 d5 11. e5 Ne4 12. Nxe4 dxe4 13. Nd2 c5 14. d5 Bxe5 15. Nxe4
b5 16. b3 a4 17. Rb1 axb3 18. axb3 bxc4 19. bxc4 Na6 20. f4 Bg7 21. O-O Qc7 22.
Qe1 f5 23. Ng3 Nb4 24. Qf2 Ra2 25. Rbd1 fxg4 26. Bxc5 Na6 27. Bb6 Rxe2 28. Nxe2
Qxc4 29. Bd4 gxh3 30. Bxg7 Kxg7 31. Qe3 Qc5 32. Qxc5 Nxc5 33. Nd4 Bg4 34. Rde1
Rf7 35. Re3 Kf8 36. Kh2 h5 37. Kg3 Nb7 38. Ne6+ Bxe6 39. Rxe6 g5 40. Rh6 Nd6 41.
Rh8+ Kg7 42. Rxh5 Ne4+ 43. Kxh3 Kg6 44. Rh8 Rxf4 45. Re1 Kf5 46. Re8 Rh4+ 47.
Kg2 Rg4+ 48. Kf3 Rf4+ 49. Kg2 1/2-1/2

[Event "US Junior Championship"]
[Site "Saint Louis USA"]
[Date "2011.06.16"]
[Round "1"]
[White "Getz, Alec"]
[Black "Troff, Kayden W"]
[Result "1-0"]
[WhiteTitle "FM"]
[WhiteElo "2292"]
[BlackElo "2255"]
[WhiteFideId "2026287"]
[BlackFideId "2047896"]
[EventDate "2011.06.16"]

1. Nf3 Nf6 2. c4 g6 3. Nc3 d5 4. cxd5 Nxd5 5. d4 Bg7 6. g3 O-O 7. Bg2 Nxc3 8.
bxc3 c5 9. O-O Nc6 10. e3 Be6 11. Re1 Bd5 12. h4 f5 13. Ba3 cxd4 14. cxd4 Qa5
15. Qc1 Rfd8 16. Qc5 Qxc5 17. Bxc5 e5 18. Nxe5 Bxe5 19. dxe5 Bxg2 20. Kxg2 Nxe5
21. Red1 Nc6 22. h5 Rac8 23. hxg6 hxg6 24. Rac1 Kf7 25. Rh1 b6 26. Ba3 Ne5 27.
Rh7+ Kg8 28. Rch1 Nd3 29. Be7 Ne1+ 30. Kf1 Re8 31. Bf6 1-0

[Event "US Junior Championship"]
[Site "Saint Louis USA"]
[Date "2011.06.16"]
[Round "1"]
[White "Ding, Jialin"]
[Black "Harper, Warren"]
[Result "0-1"]
[BlackTitle "FM"]
[WhiteElo "2171"]
[BlackElo "2310"]
[WhiteFideId "2050269"]
[BlackFideId "2028140"]
[EventDate "2011.06.16"]

1. e4 c6 2. d4 d5 3. Nc3 dxe4 4. Nxe4 Bf5 5. Ng3 Bg6 6. Nh3 e6 7. Nf4 Bd6 8.
Ngh5 Kf8 9. Be2 Nd7 10. Be3 Ne7 11. Qd2 a5 12. O-O-O b5 13. Nxg6+ hxg6 14. Nf4
b4 15. Kb1 Nb6 16. h4 a4 17. c4 bxc3 18. Qxc3 Nbd5 19. Nxd5 Nxd5 20. Qc1 Rb8 21.
Bc4 Ba3 22. Rd2 Rxh4 23. Bxd5 cxd5 24. Bf4 Rc8 25. Qd1 Bb4 26. Rd3 Kg8 27. Rdh3
Rxh3 28. Rxh3 Bf8 29. Qxa4 Qf6 30. Be3 Qf5+ 31. Ka1 Qg4 32. Rg3 Qe2 33. a3 Rb8
34. b4 Bd6 35. Rh3 Qf1+ 36. Kb2 Qxg2 37. Rh4 g5 38. Rh5 Bf4 39. Qa7 Rf8 40. Kc3
Bxe3 41. fxe3 Rc8+ 0-1

[Event "US Junior Championship"]
[Site "Saint Louis USA"]
[Date "2011.06.17"]
[Round "2"]
[White "Harper, Warren"]
[Black "Holt, Conrad"]
[Result "1-0"]
[WhiteTitle "FM"]
[BlackTitle "FM"]
[WhiteElo "2310"]
[BlackElo "2417"]
[WhiteFideId "2028140"]
[BlackFideId "2034387"]
[EventDate "2011.06.16"]

1. d4 d5 2. c4 c6 3. Nf3 Nf6 4. e3 Bg4 5. Qb3 Qb6 6. Nc3 e6 7. Nh4 Bh5 8. h3 g5
9. Nf3 h6 10. Ne5 Nfd7 11. Nxd7 Nxd7 12. Bd3 Rg8 13. cxd5 exd5 14. Qc2 Bg6 15.
Bd2 Nf6 16. Bf5 Bb4 17. f3 Qc7 18. O-O-O Qe7 19. Bxg6 Rxg6 20. a3 Ba5 21. e4
dxe4 22. fxe4 O-O-O 23. e5 Bxc3 24. Bxc3 Nd5 25. Bd2 Re6 26. Qh7 Rd7 27. h4 gxh4
28. Bxh6 c5 29. Qg8+ Rd8 30. Qg4 Qd7 31. Bg5 Rg8 32. Qxh4 Rc6 33. dxc5 Rxc5+ 34.
Kb1 Qf5+ 35. Ka1 Qxe5 36. Bc1 Nc7 37. Qh3+ Qe6 38. Qh7 Re8 39. Rhf1 f5 40. Be3
Rc6 41. Rxf5 b6 42. Bf4 Re7 43. Rf8+ Kb7 44. Qd3 Qg4 45. g3 Rce6 46. Ka2 Re2 47.
Rc1 Qe6+ 48. Ka1 Re1 49. Rxe1 Qxe1+ 50. Ka2 Qe6+ 51. Qb3 Qxb3+ 52. Kxb3 Ne6 53.
Rf6 Kc6 54. Kc4 b5+ 55. Kd3 Kd5 56. Rf5+ Kc6 57. Be3 a6 58. g4 Rg7 59. g5 Kd6
60. Ke4 Kd7 61. Ke5 Nc7 62. Kf4 Ke7 63. Kg4 Ne6 64. Rd5 Rh7 65. Kf5 Rf7+ 66. Kg6
Nf8+ 67. Kh5 Rh7+ 68. Kg4 Ne6 69. Bc5+ Ke8 70. Bb4 Rh2 71. Kf5 Ng7+ 72. Kg6 Ne6
73. Kf6 Nf4 74. Rf5 Nh5+ 75. Kg6 Ng3 76. Rf3 Rg2 77. Kg7 Kd7 78. g6 Ne4 79. Re3
Rg4 80. Kf7 Rf4+ 81. Kg8 Nf6+ 82. Kg7 Nd5 83. Rd3 Ke6 84. Bc3 Rg4 85. Rf3 Nf4
86. Kh7 Rh4+ 87. Kg8 Kd7 88. g7 Ne6 89. Bf6 Ra4 90. Kf7 Nxg7 91. Bxg7 b4 92. Rf4
a5 93. Bf8 Kc6 94. axb4 Ra2 95. Bg7 a4 96. Rf5 1-0

[Event "US Junior Championship"]
[Site "Saint Louis USA"]
[Date "2011.06.17"]
[Round "2"]
[White "Young, Gregory"]
[Black "Bryant, John Daniel"]
[Result "1-0"]
[BlackTitle "FM"]
[WhiteElo "2327"]
[BlackElo "2413"]
[WhiteFideId "2028123"]
[BlackFideId "2031280"]
[EventDate "2011.06.16"]

1. e4 c5 2. Nf3 d6 3. d4 Nf6 4. Nc3 cxd4 5. Nxd4 a6 6. Bc4 e6 7. Bb3 b5 8. O-O
Be7 9. Qf3 Qc7 10. Qg3 O-O 11. Bh6 Ne8 12. Rad1 Bd7 13. Nf3 a5 14. a4 b4 15. Ne2
Na6 16. e5 d5 17. Rd4 Kh8 18. Bg5 f6 19. Bf4 Qb7 20. Be3 fxe5 21. Nxe5 Bf6 22.
Rfd1 Rc8 23. Bg5 Nc5 24. Rh4 Bxe5 25. Qxe5 Rf5 26. Qe3 Nxb3 27. cxb3 e5 28. Ng3
d4 29. Qd3 Nd6 30. Be7 e4 31. Qxd4 e3 32. fxe3 Rc2 33. e4 Rff2 34. Bxd6 Rxg2+
35. Kh1 Bg4 36. Rf1 h5 37. Nxh5 Kg8 38. Rf8+ 1-0

[Event "US Junior Championship"]
[Site "Saint Louis USA"]
[Date "2011.06.17"]
[Round "2"]
[White "Shen, Victor C"]
[Black "Ding, Jialin"]
[Result "1-0"]
[WhiteTitle "FM"]
[WhiteElo "2281"]
[BlackElo "2171"]
[WhiteFideId "2028581"]
[BlackFideId "2050269"]
[EventDate "2011.06.16"]

1. d4 d5 2. c4 c6 3. Nf3 Nf6 4. e3 Bg4 5. Qb3 Qb6 6. Nh4 e6 7. h3 Bh5 8. g4 Bg6
9. Nxg6 hxg6 10. Bg2 Nbd7 11. Nc3 Be7 12. Bd2 O-O 13. g5 Ne8 14. f4 Nd6 15. c5
Qxb3 16. axb3 Nf5 17. h4 f6 18. Rh3 Kf7 19. Ke2 Rh8 20. Rah1 b6 21. b4 a5 22. b5
cxb5 23. Nxd5 Rab8 24. c6 Nf8 25. Nc3 b4 26. Nb5 Nd6 27. Nxd6+ Bxd6 28. gxf6
gxf6 29. e4 e5 30. fxe5 fxe5 31. d5 Kg7 32. Rg3 Kf7 33. Rf3+ Kg8 34. Rf6 Rd8 35.
Rxd6 1-0

[Event "US Junior Championship"]
[Site "Saint Louis USA"]
[Date "2011.06.18"]
[Round "3"]
[White "Troff, Kayden W"]
[Black "Naroditsky, Daniel"]
[Result "0-1"]
[BlackTitle "IM"]
[WhiteElo "2255"]
[BlackElo "2472"]
[WhiteFideId "2047896"]
[BlackFideId "2026961"]
[EventDate "2011.06.16"]

1. d4 g6 2. c4 Bg7 3. Nc3 d6 4. e4 Nf6 5. f4 Bg4 6. Qb3 Nc6 7. Be3 e5 8. Qxb7
exd4 9. Nb5 O-O 10. Qxc6 dxe3 11. Nc3 Rb8 12. Be2 Rxb2 13. O-O-O Qb8 14. h3 Nxe4
15. Nxe4 Rb1+ 16. Kc2 Qb2+ 17. Kd3 Qa3+ 18. Nc3 Qxc3+ 19. Ke4 f5+ 20. Kd5 Rxd1+ 0-1

[Event "US Junior Championship"]
[Site "Saint Louis USA"]
[Date "2011.06.18"]
[Round "3"]
[White "Bryant, John Daniel"]
[Black "Sturt, Raven M"]
[Result "1-0"]
[WhiteTitle "FM"]
[WhiteElo "2413"]
[BlackElo "2294"]
[WhiteFideId "2031280"]
[BlackFideId "2007304"]
[EventDate "2011.06.16"]

1. e4 c6 2. d3 d5 3. Nd2 Nf6 4. Ngf3 Bg4 5. h3 Bxf3 6. Qxf3 Nbd7 7. g3 a5 8. Bg2
dxe4 9. dxe4 e5 10. O-O Bc5 11. Nc4 O-O 12. Ne3 a4 13. Nf5 Ne8 14. Rd1 Qc7 15.
h4 Rd8 16. Bh3 Nd6 17. Bg5 f6 18. Qh5 Nf7 19. Rxd7 Rxd7 20. Bxf6 Nd8 21. Bxe5
Bxf2+ 22. Kh1 1-0

[Event "US Junior Championship"]
[Site "Saint Louis USA"]
[Date "2011.06.18"]
[Round "3"]
[White "Getz, Alec"]
[Black "Harper, Warren"]
[Result "1-0"]
[WhiteTitle "FM"]
[BlackTitle "FM"]
[WhiteElo "2292"]
[BlackElo "2310"]
[WhiteFideId "2026287"]
[BlackFideId "2028140"]
[EventDate "2011.06.16"]

1. e4 e5 2. Nf3 Nc6 3. Bb5 g6 4. c3 a6 5. Bxc6 dxc6 6. Nxe5 Qg5 7. d4 Qxg2 8.
Qf3 Qxf3 9. Nxf3 Bg4 10. Ne5 Be6 11. Be3 Bg7 12. Nd3 b6 13. Nd2 a5 14. f3 O-O-O
15. Nf4 Bd7 16. Kf2 Ne7 17. h4 f6 18. a4 Kb7 19. Rhb1 Ra8 20. Nc4 Ra7 21. b4
axb4 22. Rxb4 Rha8 23. a5 b5 24. d5 cxd5 25. Bxa7 dxc4 26. Bc5 Nc8 27. Nd5 f5
28. a6+ Kc6 29. Bd4 Bxd4+ 30. cxd4 fxe4 31. fxe4 Nd6 32. Nc3 Kb6 33. Nd5+ Kc6
34. Ne7+ Kb6 35. e5 Nf5 36. Nxf5 Bxf5 37. Ke3 c6 38. Rb2 c5 39. d5 b4 40. Rf2
Kb5 41. e6 b3 42. Rxf5 gxf5 43. e7 c3 44. Kd3 Kb4 45. d6 c4+ 46. Kd4 c2 47. d7
b2 48. Ra4+ Kxa4 49. e8=Q Rd8 50. a7 c1=Q 51. a8=Q+ Rxa8 52. d8=Q+ Kb3 53. Qb5+
Kc2 54. Qxc4+ Kd1 55. Qf1+ Kc2 56. Qd3# 1-0

[Event "US Junior Championship"]
[Site "Saint Louis USA"]
[Date "2011.06.18"]
[Round "3"]
[White "Ding, Jialin"]
[Black "Young, Gregory"]
[Result "0-1"]
[WhiteElo "2171"]
[BlackElo "2327"]
[WhiteFideId "2050269"]
[BlackFideId "2028123"]
[EventDate "2011.06.16"]

1. e4 c5 2. Nf3 Nc6 3. d4 cxd4 4. Nxd4 g6 5. g3 Bg7 6. Ne2 Nf6 7. Bg2 d6 8. Nbc3
O-O 9. O-O Rb8 10. a4 a6 11. Nd5 b5 12. axb5 axb5 13. c3 Bg4 14. h3 Bxe2 15.
Qxe2 b4 16. Bd2 bxc3 17. Bxc3 Nxd5 18. exd5 Nd4 19. Qe4 Nb5 20. Bxg7 Kxg7 21.
Rfc1 Qb6 22. Ra4 Na7 23. Rac4 Qxb2 24. Qxe7 Nb5 25. R4c2 Qb3 26. Qh4 Qd3 27. Be4
Qd4 28. Rc4 Qe5 29. Bf3 Na3 30. R4c3 Nb5 31. Rc4 Ra8 32. Kg2 Ra2 33. Re4 Rxf2+
34. Kxf2 Qb2+ 35. Be2 Qxc1 36. Bxb5 Qc5+ 37. Re3 Qxb5 38. Qd4+ Kg8 39. Re2 Rc8
40. Rb2 Qc5 41. Rd2 Qxd4+ 42. Rxd4 Rc3 43. h4 h5 44. Rd2 Kg7 45. Rd4 f5 46. Rd2
Kf7 47. Rd1 Rc4 48. Kf3 Re4 49. Ra1 Kf6 50. Ra6 Ke5 51. Ra7 Kxd5 52. Rg7 Rg4 53.
Re7 Kd4 54. Ra7 d5 55. Ra4+ Kc3 56. Ra3+ Kb2 0-1

[Event "US Junior Championship"]
[Site "Saint Louis USA"]
[Date "2011.06.19"]
[Round "4"]
[White "Shen, Victor C"]
[Black "Getz, Alec"]
[Result "1-0"]
[WhiteTitle "FM"]
[BlackTitle "FM"]
[WhiteElo "2281"]
[BlackElo "2292"]
[WhiteFideId "2028581"]
[BlackFideId "2026287"]
[EventDate "2011.06.16"]

1. d4 Nf6 2. c4 g6 3. Nc3 Bg7 4. g3 O-O 5. Bg2 d6 6. Nf3 Nc6 7. O-O a6 8. b3 Bf5
9. Ne1 e5 10. d5 Nb8 11. e4 Bg4 12. f3 Bc8 13. Nd3 c5 14. a3 b5 15. Be3 Nh5 16.
cxb5 axb5 17. Nxb5 f5 18. Bf2 Nf6 19. Kh1 Na6 20. b4 c4 21. Nb2 fxe4 22. fxe4
Bg4 23. Qc2 Qd7 24. Qxc4 Bh3 25. Bxh3 Qxh3 26. Nxd6 Bh6 27. Qe2 Nh5 28. Nd3 Rf6
29. Nc4 Raf8 30. Kg1 Bf4 31. gxf4 Rxf4 32. Ncxe5 Rf3 33. Nxf3 Rxf3 34. Ne5 Rf4
35. Qe3 Qxe3 36. Bxe3 Rxe4 37. Bh6 1-0

[Event "US Junior Championship"]
[Site "Saint Louis USA"]
[Date "2011.06.19"]
[Round "4"]
[White "Harper, Warren"]
[Black "Troff, Kayden W"]
[Result "1-0"]
[WhiteTitle "FM"]
[WhiteElo "2310"]
[BlackElo "2255"]
[WhiteFideId "2028140"]
[BlackFideId "2047896"]
[EventDate "2011.06.16"]

1. Nf3 Nf6 2. c4 g6 3. Nc3 d5 4. cxd5 Nxd5 5. Qc2 Nb6 6. d4 Bg7 7. e4 Bg4 8. Ne5
Be6 9. Be3 N8d7 10. Nxd7 Bxd7 11. Be2 e6 12. h4 Qe7 13. h5 Bc6 14. O-O-O O-O-O
15. h6 Bf8 16. g4 Qb4 17. a3 Qa5 18. f3 Kb8 19. Kb1 Be7 20. Bc1 Na4 21. b4 Bxb4
22. axb4 Qxb4+ 23. Bb2 Rhe8 24. Na2 Qb6 25. Ka1 f5 26. gxf5 gxf5 27. d5 Nxb2 28.
Rb1 exd5 29. Rxb2 Qd4 30. Nb4 Rd6 31. exd5 Bxd5 32. Rd1 Qe5 33. Rxd5 Qf6 34. Rc5
Rb6 35. Bb5 Rd8 36. Nd5 1-0

[Event "US Junior Championship"]
[Site "Saint Louis USA"]
[Date "2011.06.19"]
[Round "4"]
[White "Bryant, John Daniel"]
[Black "Ding, Jialin"]
[Result "1-0"]
[WhiteTitle "FM"]
[WhiteElo "2413"]
[BlackElo "2171"]
[WhiteFideId "2031280"]
[BlackFideId "2050269"]
[EventDate "2011.06.16"]

1. e4 c5 2. c3 g6 3. Nf3 Bg7 4. d4 cxd4 5. cxd4 d5 6. e5 Nc6 7. h3 Nh6 8. Nc3
O-O 9. Be2 f6 10. exf6 exf6 11. Qb3 Nf5 12. Be3 Nfe7 13. Bf4 Na5 14. Qa3 a6 15.
O-O b5 16. Rfe1 Re8 17. Qc5 Nac6 18. Bd1 Bb7 19. Bb3 Na5 20. Nxd5 Bxd5 21. Rxe7
Bxb3 22. Rxe8+ Qxe8 23. axb3 Nc6 24. Qd5+ Kh8 25. Re1 1-0

[Event "US Junior Championship"]
[Site "Saint Louis USA"]
[Date "2011.06.21"]
[Round "5"]
[White "Ding, Jialin"]
[Black "Sturt, Raven M"]
[Result "1-0"]
[WhiteElo "2171"]
[BlackElo "2294"]
[WhiteFideId "2050269"]
[BlackFideId "2007304"]
[EventDate "2011.06.16"]

1. e4 c6 2. d4 d5 3. Nc3 dxe4 4. Nxe4 Bf5 5. Ng3 Bg6 6. Nh3 e6 7. Nf4 Bd6 8.
Ngh5 Bxh5 9. Nxh5 g6 10. Ng3 Nf6 11. c3 O-O 12. Bd3 Nbd7 13. O-O Qc7 14. Qf3
Rfe8 15. Bh6 Nd5 16. Rad1 Bf4 17. Bxf4 Qxf4 18. Qxf4 Nxf4 19. Ne4 Red8 20. g3
Nd5 21. Kg2 N7f6 22. Rfe1 Nxe4 23. Bxe4 b5 24. a4 b4 25. c4 Ne7 26. a5 Rd7 27.
Rd3 Rad8 28. Rb3 Rb8 29. Rd1 c5 30. Rbd3 f5 31. dxc5 Rxd3 32. Bxd3 Rd8 33. Be2
Rxd1 34. Bxd1 Kf7 35. Ba4 Kf6 36. f4 Ng8 37. c6 1-0

[Event "US Junior Championship"]
[Site "Saint Louis USA"]
[Date "2011.06.21"]
[Round "5"]
[White "Naroditsky, Daniel"]
[Black "Harper, Warren"]
[Result "1-0"]
[WhiteTitle "IM"]
[BlackTitle "FM"]
[WhiteElo "2472"]
[BlackElo "2310"]
[WhiteFideId "2026961"]
[BlackFideId "2028140"]
[EventDate "2011.06.16"]

1. Nf3 f5 2. d3 g6 3. e4 d6 4. Nc3 Bg7 5. d4 Nf6 6. Bd3 e6 7. e5 dxe5 8. dxe5
Ng4 9. Bg5 Qd7 10. Qe2 O-O 11. O-O-O Qe8 12. h3 Nh6 13. Bf4 a6 14. Qe3 Nf7 15.
g4 Kh8 16. h4 h6 17. h5 g5 18. Bxg5 fxg4 19. Bf4 gxf3 20. Qe4 Ng5 21. Bxg5 Rf5
22. Bf6 Qf8 23. Bxg7+ Qxg7 24. Rhg1 Rg5 25. Rxg5 Qxg5+ 26. Kb1 Qg7 27. Qxf3 Bd7
28. Qxb7 Bc6 29. Qc8+ Qg8 30. Qxc7 Bf3 31. Be2 Bc6 32. Rd8 Be8 33. Rxb8 1-0

[Event "US Junior Championship"]
[Site "Saint Louis USA"]
[Date "2011.06.21"]
[Round "5"]
[White "Holt, Conrad"]
[Black "Bryant, John Daniel"]
[Result "1-0"]
[WhiteTitle "FM"]
[BlackTitle "FM"]
[WhiteElo "2417"]
[BlackElo "2413"]
[WhiteFideId "2034387"]
[BlackFideId "2031280"]
[EventDate "2011.06.16"]

1. d4 c5 2. d5 e6 3. c4 exd5 4. cxd5 d6 5. e4 g6 6. Nc3 Bg7 7. h3 a6 8. a4 Nf6
9. Nf3 O-O 10. Bd3 Re8 11. O-O Nh5 12. Re1 Nd7 13. Bg5 Bf6 14. Be3 Rb8 15. Be2
Bg7 16. Nd2 Nhf6 17. Qc2 h6 18. Nc4 Ne5 19. Nxe5 Rxe5 20. f4 Re8 21. Bd3 Bd7 22.
a5 Bb5 23. Bf2 c4 24. Be2 Nd7 25. Bg4 Qc7 26. Bxd7 Qxd7 27. Qd2 Qe7 28. Bd4 Qf8
29. Rad1 g5 30. fxg5 Bxd4+ 31. Qxd4 hxg5 32. Rf1 Bd7 33. Rf6 g4 34. h4 b5 35.
axb6 g3 36. Rf3 Re5 37. Rxg3+ Kh7 38. Rf1 f6 39. Rgf3 Qd8 40. Rxf6 Be8 41. Qd2
Qxb6+ 42. R1f2 Bg6 43. g4 1-0

[Event "US Junior Championship"]
[Site "Saint Louis USA"]
[Date "2011.06.22"]
[Round "6"]
[White "Shen, Victor C"]
[Black "Naroditsky, Daniel"]
[Result "1/2-1/2"]
[WhiteTitle "FM"]
[BlackTitle "IM"]
[WhiteElo "2281"]
[BlackElo "2472"]
[WhiteFideId "2028581"]
[BlackFideId "2026961"]
[EventDate "2011.06.16"]

1. d4 Nf6 2. c4 g6 3. Nc3 Bg7 4. g3 O-O 5. Bg2 d6 6. Nf3 c6 7. O-O Qb6 8. h3 Qa6
9. b3 b5 10. Nd2 Bb7 11. e3 Nbd7 12. Qe2 Rab8 13. Bb2 Rfe8 14. Rfd1 bxc4 15.
Qxc4 c5 16. Qxa6 Bxa6 17. Nce4 Nxe4 18. Nxe4 d5 19. Nc3 e6 20. Na4 Bb5 21. Nc3
Ba6 22. Na4 Bb5 1/2-1/2

[Event "US Junior Championship"]
[Site "Saint Louis USA"]
[Date "2011.06.22"]
[Round "6"]
[White "Young, Gregory"]
[Black "Troff, Kayden W"]
[Result "1-0"]
[WhiteElo "2327"]
[BlackElo "2255"]
[WhiteFideId "2028123"]
[BlackFideId "2047896"]
[EventDate "2011.06.16"]

1. e4 c5 2. Nf3 d6 3. d4 cxd4 4. Nxd4 Nf6 5. Nc3 a6 6. Bc4 e6 7. Bb3 Nbd7 8. Bg5
Qa5 9. Qd2 b5 10. f3 Nc5 11. Bxf6 gxf6 12. O-O Bd7 13. Rae1 Rg8 14. Kh1 b4 15.
Nd1 Nxb3 16. axb3 Qc5 17. c3 bxc3 18. Nxc3 Rb8 19. f4 Rb4 20. Rd1 Bh6 21. Nf5
Bf8 22. Nd4 Be7 23. f5 e5 24. Nc2 Rxb3 25. Ne3 Bc6 26. Ncd5 Bd8 27. Rc1 Qb5 28.
Nc4 Qb8 29. Nxf6+ Bxf6 30. Nxd6+ Ke7 31. Rxc6 Rb6 32. Rxb6 Qxb6 33. Rd1 Qc6 34.
Qb4 Kf8 35. Qc4 Qxc4 36. Nxc4 Ke7 37. Nb6 Bg5 38. Nd5+ Kf8 39. Ra1 Kg7 40. Rxa6
Rc8 41. Ra1 Rc4 42. h4 Bxh4 43. g3 Bg5 44. Re1 Bd2 45. Re2 Bb4 46. Kg2 Bc5 47.
Kh3 Rc1 48. b4 Bd4 49. Kg4 Rb1 50. Rh2 Rb3 51. Kh5 Rxg3 52. f6+ Kh8 53. Rc2 h6
54. Rc8+ Kh7 55. Rf8 Rg5+ 56. Kh4 Bf2+ 57. Kh3 Kg6 58. Rg8+ Kh5 59. Rg7 Rg1 60.
Rxf7 Bh4 61. Rg7 Rf1 62. f7 Rf2 63. b5 Bg5 64. b6 Be3 65. Nxe3 Rf6 66. Kg2 Rxb6
67. f8=Q Rf6 68. Qe8+ 1-0

[Event "US Junior Championship"]
[Site "Saint Louis USA"]
[Date "2011.06.22"]
[Round "6"]
[White "Bryant, John Daniel"]
[Black "Getz, Alec"]
[Result "0-1"]
[WhiteTitle "FM"]
[BlackTitle "FM"]
[WhiteElo "2413"]
[BlackElo "2292"]
[WhiteFideId "2031280"]
[BlackFideId "2026287"]
[EventDate "2011.06.16"]

1. e4 d5 2. exd5 Qxd5 3. Nc3 Qa5 4. d4 c6 5. Bc4 Nf6 6. Bd2 Bf5 7. Nd5 Qd8 8.
Nxf6+ gxf6 9. c3 e6 10. Nf3 Nd7 11. Nh4 Bg6 12. Qe2 Nb6 13. Bb3 Qc7 14. f4 f5
15. g3 O-O-O 16. a4 Nd5 17. a5 Be7 18. Ng2 Nf6 19. a6 b6 20. O-O Bh5 21. Qc4 Ne4
22. Be3 Bg4 23. Bc2 h5 24. Bxe4 fxe4 25. f5 Bxf5 26. Rxf5 exf5 27. Rf1 Bd6 28.
Rxf5 Rd7 29. d5 Bc5 30. dxc6 Rd1+ 31. Kf2 Rhd8 32. Rxc5 bxc5 33. Qxc5 R1d5 34.
Qc4 Rd2+ 35. Kf1 Rxb2 36. Qxe4 Qa5 37. Ne1 Qd5 38. Qxd5 Rxd5 39. Bxa7 Rf5+ 40.
Kg1 Ra5 41. Bf2 Rxa6 42. Nd3 Rd2 43. Nf4 Raa2 44. Nh3 Rac2 45. Kg2 Rxc3 46. Nf4
Rcc2 47. Nh3 Kc7 48. Kf3 Kxc6 49. Bg1 Kd6 50. Kf4 Rxh2 51. Bxh2 Rxh2 52. Ng5 Ke7
53. Ne4 h4 54. g4 Rg2 55. Kf3 Rg1 0-1

[Event "US Junior Championship"]
[Site "Saint Louis USA"]
[Date "2011.06.22"]
[Round "6"]
[White "Ding, Jialin"]
[Black "Holt, Conrad"]
[Result "0-1"]
[BlackTitle "FM"]
[WhiteElo "2171"]
[BlackElo "2417"]
[WhiteFideId "2050269"]
[BlackFideId "2034387"]
[EventDate "2011.06.16"]

1. e4 e6 2. d4 d5 3. Nc3 Bb4 4. Ne2 dxe4 5. a3 Bxc3+ 6. Nxc3 f5 7. f3 Nc6 8. Bb5
Ne7 9. Bg5 exf3 10. gxf3 h6 11. Bf4 O-O 12. Bxc6 Nxc6 13. d5 e5 14. Be3 Ne7 15.
Qd2 f4 16. Bf2 c6 17. d6 Nf5 18. O-O-O Bd7 19. h4 Qf6 20. Ne4 Qf7 21. h5 Qa2 22.
Qc3 b6 23. Qxe5 Ne3 24. Rdg1 Qa1+ 25. Kd2 Qxg1 0-1

[Event "US Junior Championship"]
[Site "Saint Louis USA"]
[Date "2011.06.23"]
[Round "7"]
[White "Naroditsky, Daniel"]
[Black "Young, Gregory"]
[Result "0-1"]
[WhiteTitle "IM"]
[WhiteElo "2472"]
[BlackElo "2327"]
[WhiteFideId "2026961"]
[BlackFideId "2028123"]
[EventDate "2011.06.16"]

1. e4 c5 2. Nf3 Nc6 3. d4 cxd4 4. Nxd4 g6 5. c4 Nf6 6. Nc3 d6 7. Be2 Nxd4 8.
Qxd4 Bg7 9. Be3 O-O 10. Qd2 a5 11. f3 a4 12. O-O Qa5 13. Rab1 Be6 14. Rfc1 Rfc8
15. b4 axb3 16. axb3 Qb4 17. Qc2 Nd7 18. Bd2 Qc5+ 19. Kh1 Ne5 20. Rf1 Nc6 21.
Qd1 Qa3 22. Na4 Rd8 23. Qe1 Nd4 24. Bd1 b5 25. cxb5 Nxb5 26. Be2 Nd4 27. Bb4 Qa2
28. Rb2 Nc2 29. Rxa2 Nxe1 30. Rd2 Bxb3 31. Nb6 Ra1 32. Nd5 Bxd5 33. Rxd5 Nc2 34.
Rxa1 Nxb4 35. Re1 Nxd5 36. exd5 Rb8 37. Bd3 Rb3 38. Bc2 Rb2 39. Ba4 Be5 40. Bc6
h5 41. g3 g5 42. Re4 Rf2 43. Re3 h4 44. Kg1 Rd2 45. Re4 f5 46. Re1 Kf8 47. f4
gxf4 48. gxh4 f3 49. Rf1 Rg2+ 50. Kh1 Rxh2+ 51. Kg1 Rh3 52. Rd1 Bg3 53. Rf1 Be5
54. Rd1 Rh2 55. Rf1 Rg2+ 56. Kh1 Rg3 57. Kh2 Kf7 58. Bd7 Kf6 59. Be6 Kg6 60. Rg1
Rg4+ 61. Kh1 Kh5 0-1

[Event "US Junior Championship"]
[Site "Saint Louis USA"]
[Date "2011.06.23"]
[Round "7"]
[White "Troff, Kayden W"]
[Black "Bryant, John Daniel"]
[Result "0-1"]
[BlackTitle "FM"]
[WhiteElo "2255"]
[BlackElo "2413"]
[WhiteFideId "2047896"]
[BlackFideId "2031280"]
[EventDate "2011.06.16"]

1. d4 c5 2. d5 e6 3. c4 exd5 4. cxd5 d6 5. Nc3 g6 6. e4 Bg7 7. f4 a6 8. a4 Qh4+
9. g3 Qe7 10. Nf3 Nf6 11. Nd2 O-O 12. Bg2 Nxe4 13. Ncxe4 f5 14. O-O fxe4 15. Re1
Nd7 16. Nxe4 Bd4+ 17. Kh1 Nf6 18. Nxc5 Ng4 19. Ne4 Qg7 20. Bh3 h5 21. Ra2 Nf2+
22. Nxf2 Bxf2 23. Bxc8 Raxc8 24. Re2 Qd4 25. Bd2 Qxd5+ 0-1